Ilmul Hadees (Record no. 957)

MARC details
000 -LEADER
fixed length control field 00592nam a2200241 a 4500
020 ## - INTERNATIONAL STANDARD BOOK NUMBER
ISBN
082 00 - DEWEY DECIMAL CLASSIFICATION NUMBER
Classification number 297.12401
Author Cutter IMA
100 ## - MAIN ENTRY--AUTHOR NAME
Author name Imadi Al, Abdullah
245 ## - TITLE STATEMENT
Title Ilmul Hadees
260 ## - PUBLICATION, DISTRIBUTION, ETC. (IMPRINT)
Place of publication Hyderabad
Name of publisher Maktaba Nishat Saniah
Year of publication 1320
300 ## - PHYSICAL DESCRIPTION
Number of Pages 122p.
500 ## - GENERAL NOTE
General note includes index and biblioraphy
505 2# - FORMATTED CONTENTS NOTE
Formatted contents note part 1 age of the caliphs
650 ## - SUBJECT ADDED ENTRY--TOPICAL TERM
Topical Term Hadith-Origins
942 ## - ADDED ENTRY ELEMENTS (KOHA)
Koha item type Books
700 1# -
-- Imadi Al, Abdullah
Holdings
Collection code Home library Current library Date acquired Cost, normal purchase price Full call number Accession Number Koha item type
  Henry Martyn Institute Library Henry Martyn Institute Library 08/07/2007 1.50 297.12401 IMA 02685 Books
                   Copyright © 2026 | Henry Martyn Institute | Hyderabad | TS-500052 | INDIA | Implemented by hmi.edu.in
Hit-Count:

Powered by Koha